000 00680cam a2200145 4500500
005 20260208002446.0
041 _afre
042 _adc
100 1 0 _aLaberge, Yves
_eauthor
245 0 0 _aGuglielmo Forni Rosa, Dictionnaire Rousseau. Anthropologie, politique, religion, Trad. de l’italien par Brigitte Pasquet Gotti. Préf. de Robert Thiéry, Montmorency, Siam-Jean-Jacques Rousseau, 2011, 124 p., chronol., ill., notes bibliogr. (« Lire Rousseau » 4).
260 _c2012.
500 _a98
786 0 _nL'Homme | 203 - 204 | 3 | 2012-12-01 | p. 625e-638e | 0439-4216
856 4 1 _uhttps://shs.cairn.info/revue-l-homme-2012-3-page-625e?lang=fr&redirect-ssocas=7080
999 _c1646482
_d1646482